| 000 | 00000nam##2200000za#4500 |
| 001 | 9.642699 |
| 003 | CaOODSP |
| 005 | 20210624223828 |
| 007 | cr ||||||||||| |
| 008 | 150407|2007||||xxc|||||o f|0| 0 fre|d |
| 040 | |aCaOODSP|bfre |
| 043 | |an-cn--- |
| 086 | 1 |aT48-49/2007F-PDF |
| 110 | 1 |aCanada. |bTransports Canada. |
| 245 | 10|aCompte rendu du symposium sur la recherche canadienne en transport ferroviaire, 28-29 novembre 2007, Toronto, Ontario / |h[ressource électronique]|c[préparé par] Conseil consultatif de recherche en transport ferroviaire. |
| 260 | |aMontréal - Québec : |bTransports Canada |cNovembre 2007. |
| 590 | |a14-03-Supp|b2014-01-17 |
| 691 | 07|aIndustrie du transport ferroviaire|2gcpds |
| 691 | 07|aPolitique des transports|2gcpds |
| 775 | 08|tProceedings of the Canadian Railway Research Symposium, 28-29 November 2007, Toronto, Ontario / |w(CaOODSP)9.698397 |
| 856 | 40|ahttp://publications.gc.ca|qPDF|s240 Ko|uhttps://publications.gc.ca/collections/collection_2013/tc/T48-49-2007-fra.pdf |
| 986 | |aTP 14818 F |